Normal view
MARC view
Entry Corporate Name
001 - CONTROL NUMBER
- control field: 47874
003 - CONTROL NUMBER IDENTIFIER
- control field: ARRUPE
005 - DATE AND TIME OF LATEST TRANSACTION
- control field: 20190820111111.0
008 - FIXED-LENGTH DATA ELEMENTS
- fixed length control field: 190820|| aca||aabn | a|a d
040 ## - CATALOGING SOURCE
- Original cataloging agency: ARRUPE
- Transcribing agency: ARRUPE
110 ## - HEADING--CORPORATE NAME
- Corporate name or jurisdiction name as entry element: American University (Washington, D.C.)
- Subordinate unit: Foreign Area Studies.
670 ## - SOURCE DATA FOUND
- Source citation: Work cat.: (ARRUPE)0: Kaplan, Irving, 1923- 47873, Area handbook for Zambia, 1969.